| 000 | 00865nam a2200253Ia 4500 | ||
|---|---|---|---|
| 003 | OSt | ||
| 005 | 20220927103146.0 | ||
| 006 | a|||||r|||| 00| 0 | ||
| 007 | ta | ||
| 008 | 220926b |||||||| |||| 00| 0 eng d | ||
| 024 | _a65375 | ||
| 037 | _cReference Collections | ||
| 040 |
_aRTL _cRTL _beng |
||
| 041 |
_2eng _aeng |
||
| 082 | _a"X425.791.N8, M7/UN" | ||
| 111 |
_a"United Nations, Economic Commission For Latin America And The Caribbean" _9354166 |
||
| 245 | 0 | _aBasic concepts of maritime transport and its present status in Latin America and the Caribbean | |
| 260 |
_aNew _bYork United Nations USA _c1987 |
||
| 300 |
_a114p. _ccm. |
||
| 500 | _a"Cuadernos De La Cepal, 52." | ||
| 650 |
_aOceanic Transport Economics _9354167 |
||
| 942 |
_h"X425.791.N8, M7/UN" _cCC |
||
| 999 |
_c681191 _d681191 |
||